[Event "Open de Figueres Miquel Mas 2017"]
[Site "Figueres ESP"]
[Date "2017.08.10"]
[Round "1.1"]
[White "Riff, Jean-Noel"]
[Black "Serra Canals, Oriol"]
[Result "1-0"]
[WhiteElo "2499"]
[BlackElo "2105"]
[PlyCount "93"]
[EventDate "2017.08.10"]
[EventType "swiss"]
[EventRounds "9"]
[EventCountry "ESP"]
[SourceTitle "Ajedrez en Madrid"]
[Source "lmi"]
[SourceDate "2017.08.10"]
[SourceVersion "1"]
[SourceVersionDate "2018.07.27"]
[SourceQuality "1"]

1. e4 e6 2. d4 d5 3. Nc3 dxe4 4. Nxe4 Bd7 5. Nf3 Bc6 6. Bd3 Nd7 7. O-O Ngf6 8.
Ned2 Be7 9. Re1 O-O 10. Nc4 b6 11. Nce5 Nxe5 12. dxe5 Ne4 13. Bf4 Nc5 14. Nd4
Bb7 15. Bf1 Bg5 16. Be3 Ne4 17. c3 Qd5 18. Bxg5 Nxg5 19. Qg4 Ne4 20. Bd3 Nc5
21. Bc2 h5 22. Qh3 f5 23. b4 Ne4 24. Bb3 Ng5 25. Qg3 Qd8 26. Nxe6 Nxe6 27.
Bxe6+ Kh7 28. Rad1 f4 29. Rxd8 fxg3 30. Rxf8 gxh2+ 31. Kxh2 Rxf8 32. f3 Kg6 33.
Kg3 Kg5 34. Bd7 Bc8 35. f4+ Kg6 36. Bxc8 Rxc8 37. Rd1 Kf5 38. Rd7 g5 39. Rf7+
Ke4 40. fxg5 Kxe5 41. g6 Ke6 42. Kh4 c5 43. b5 c4 44. Kxh5 Rc5+ 45. Kh6 Rxb5
46. Rf2 Rd5 47. g7 1-0

[Event "Open de Figueres Miquel Mas 2017"]
[Site "Figueres ESP"]
[Date "2017.08.10"]
[Round "1.2"]
[White "Guix Torres, David"]
[Black "Munoz, Miguel"]
[Result "0-1"]
[WhiteElo "2040"]
[BlackElo "2497"]
[PlyCount "80"]
[EventDate "2017.08.10"]
[EventType "swiss"]
[EventRounds "9"]
[EventCountry "ESP"]
[SourceTitle "Ajedrez en Madrid"]
[Source "lmi"]
[SourceDate "2017.08.10"]
[SourceVersion "1"]
[SourceVersionDate "2018.07.27"]
[SourceQuality "1"]

1. d4 Nf6 2. Nf3 c5 3. e3 g6 4. Be2 Bg7 5. O-O O-O 6. b3 cxd4 7. exd4 Nc6 8.
Bb2 d5 9. Nbd2 Bf5 10. a3 Ne4 11. Re1 Qb6 12. Nf1 e5 13. c3 Be6 14. Ng3 Rac8
15. Bf1 exd4 16. cxd4 Nxg3 17. hxg3 Bg4 18. Rc1 Bxf3 19. Qxf3 Rcd8 20. Rc5 Bxd4
21. Bxd4 Nxd4 22. Qc3 Ne6 23. Rb5 Qc6 24. Qxc6 bxc6 25. Rb7 Rb8 26. Rxa7 Rxb3
27. Rc1 Rc8 28. Ba6 Rd8 29. Rxc6 Rxa3 30. Rb7 Ra8 31. Rbb6 Ra7 32. Rd6 Kg7 33.
Bc8 Nc5 34. Rxd5 Ra1+ 35. Kh2 Ne4 36. Rb2 Rc1 37. Re5 Raa1 38. Kh3 Rxc8 39.
Rxe4 Rh1+ 40. Kg4 f5+ 0-1

[Event "Open de Figueres Miquel Mas 2017"]
[Site "Figueres ESP"]
[Date "2017.08.10"]
[Round "1.3"]
[White "Campos Moreno, Javier B."]
[Black "Paraschiv, Paul-Alexandru"]
[Result "1-0"]
[WhiteElo "2413"]
[BlackElo "2017"]
[PlyCount "75"]
[EventDate "2017.08.10"]
[EventType "swiss"]
[EventRounds "9"]
[EventCountry "ESP"]
[SourceTitle "Ajedrez en Madrid"]
[Source "lmi"]
[SourceDate "2017.08.10"]
[SourceVersion "1"]
[SourceVersionDate "2018.07.27"]
[SourceQuality "1"]

1. d4 Nf6 2. c4 e6 3. Nc3 Bb4 4. Nf3 O-O 5. Bg5 c5 6. e3 Qa5 7. Bxf6 Bxc3+ 8.
bxc3 Qxc3+ 9. Nd2 gxf6 10. Rb1 cxd4 11. Rb3 Qa5 12. exd4 Kh8 13. Rg3 Rg8 14.
Bd3 Nc6 15. d5 Ne5 16. Bxh7 Rg7 17. Bb1 f5 18. O-O Rxg3 19. hxg3 Qd8 20. Nf3
Ng4 21. dxe6 fxe6 22. Qd6 a5 23. Ne5 Qf6 24. Nxg4 fxg4 25. Re1 Ra6 26. Qd3 Qh6
27. Qd4+ Qg7 28. Re5 d6 29. Rh5+ Kg8 30. Qf4 e5 31. Bh7+ Qxh7 32. Qg5+ Qg7 33.
Qd8+ Kf7 34. Qxc8 Qg6 35. Qxb7+ Kg8 36. Qc8+ Kf7 37. Rh8 Ra7 38. Qf8+ 1-0

[Event "Open de Figueres Miquel Mas 2017"]
[Site "Figueres ESP"]
[Date "2017.08.10"]
[Round "1.4"]
[White "Parals Marce, Luis"]
[Black "Mellado Trivino, Juan"]
[Result "0-1"]
[WhiteElo "2015"]
[BlackElo "2392"]
[PlyCount "90"]
[EventDate "2017.08.10"]
[EventType "swiss"]
[EventRounds "9"]
[EventCountry "ESP"]
[SourceTitle "Ajedrez en Madrid"]
[Source "lmi"]
[SourceDate "2017.08.10"]
[SourceVersion "1"]
[SourceVersionDate "2018.07.27"]
[SourceQuality "1"]

1. d4 e6 2. e3 f5 3. Nf3 Nf6 4. Be2 b6 5. O-O Bb7 6. c4 Bd6 7. Nc3 O-O 8. Nd2
c5 9. d5 Be5 10. Nb5 a6 11. f4 Bxf4 12. exf4 axb5 13. dxe6 b4 14. b3 dxe6 15.
Bb2 Nc6 16. Bf3 Ra7 17. Re1 Nd4 18. Bxb7 Rxb7 19. Nf3 Nxf3+ 20. Qxf3 Ne4 21. a4
bxa3 22. Bxa3 Qd4+ 23. Qe3 Qxe3+ 24. Rxe3 Ra8 25. Bb2 Rxa1+ 26. Bxa1 b5 27. Re1
bxc4 28. bxc4 Rb4 29. Rc1 Nd6 30. Be5 Nxc4 31. Bc3 Ra4 32. Rd1 Ra3 33. Rc1 Nd6
34. Be5 Ne4 35. h3 h5 36. h4 Kf7 37. Rb1 c4 38. Rb7+ Ke8 39. Rc7 c3 40. Bxg7
Kd8 41. Be5 Ra1+ 42. Kh2 Rd1 43. Rc4 Rd3 44. Kg1 Rd1+ 45. Kh2 Ke8 0-1

[Event "Open de Figueres Miquel Mas 2017"]
[Site "Figueres ESP"]
[Date "2017.08.10"]
[Round "1.5"]
[White "Alonso Bouza, Julio Javier"]
[Black "Castells Briones, Miquel"]
[Result "1-0"]
[WhiteElo "2377"]
[BlackElo "2011"]
[PlyCount "101"]
[EventDate "2017.08.10"]
[EventType "swiss"]
[EventRounds "9"]
[EventCountry "ESP"]
[SourceTitle "Ajedrez en Madrid"]
[Source "lmi"]
[SourceDate "2017.08.10"]
[SourceVersion "1"]
[SourceVersionDate "2018.07.27"]
[SourceQuality "1"]

1. e4 c5 2. Nf3 Nc6 3. d4 cxd4 4. Nxd4 Nf6 5. Nc3 e5 6. Ndb5 d6 7. Bg5 a6 8.
Na3 b5 9. Nd5 Be7 10. Bxf6 Bxf6 11. c4 b4 12. Nc2 Rb8 13. Qd3 Bg5 14. g3 a5 15.
h4 Bh6 16. Bh3 Be6 17. Kf1 Qd7 18. Kg2 O-O 19. Rad1 Kh8 20. b3 Rbd8 21. f3 Nb8
22. a3 Na6 23. axb4 axb4 24. Ndxb4 Nc5 25. Qc3 Qb7 26. Na3 g6 27. Nb5 f5 28.
exf5 gxf5 29. Nxd6 Qg7 30. Kh2 f4 31. g4 Qf6 32. g5 Bxg5 33. hxg5 Qxg5 34. Rhg1
Qh5 35. Nf5 Rd4 36. Rxd4 Bxf5 37. Rg4 Bxg4 38. fxg4 Qh4 39. Rd2 Qe1 40. Nc6
Nxb3 41. Rc2 Nd4 42. Nxd4 Qxc3 43. Rxc3 exd4 44. Rd3 Rd8 45. Bg2 Kg7 46. Bd5
Kf6 47. Rxd4 Kg5 48. c5 Rf8 49. Bf3 Rb8 50. Rd5+ Kf6 51. Rf5+ 1-0

[Event "Open de Figueres Miquel Mas 2017"]
[Site "Figueres ESP"]
[Date "2017.08.10"]
[Round "1.6"]
[White "Rex, Torsten"]
[Black "Vidal Zamora, Alex"]
[Result "0-1"]
[WhiteElo "2006"]
[BlackElo "2365"]
[PlyCount "76"]
[EventDate "2017.08.10"]
[EventType "swiss"]
[EventRounds "9"]
[EventCountry "ESP"]
[SourceTitle "Ajedrez en Madrid"]
[Source "lmi"]
[SourceDate "2017.08.10"]
[SourceVersion "1"]
[SourceVersionDate "2018.07.27"]
[SourceQuality "1"]

1. Nf3 Nf6 2. g3 d5 3. Bg2 e6 4. O-O Be7 5. d4 O-O 6. b3 a5 7. a3 c5 8. e3 Nc6
9. Nbd2 a4 10. Bb2 cxd4 11. exd4 axb3 12. cxb3 Bd7 13. Ne5 Be8 14. Ndf3 Qb6 15.
b4 Ne4 16. Nxc6 Bxc6 17. Ne5 Ba4 18. Qh5 Nd6 19. Rfc1 Rac8 20. Bf1 g6 21. Qh3
Bg5 22. Rc5 Ne4 23. Bd3 Nxc5 24. dxc5 Rxc5 25. Nf3 Rc7 26. Nxg5 f6 27. Nxe6 Bd7
28. Re1 Re8 29. Bxg6 Bxe6 30. Qh6 Rf8 31. Bd3 Bg4 32. h3 Bf3 33. Bf5 Be4 34.
Bxe4 dxe4 35. Rxe4 Rg7 36. g4 Qc6 37. Rf4 Qc2 38. Bxf6 Rg6 0-1

[Event "Open de Figueres Miquel Mas 2017"]
[Site "Figueres ESP"]
[Date "2017.08.10"]
[Round "1.7"]
[White "Renteria, Jorge"]
[Black "Vilalta Vidal, Javier"]
[Result "1-0"]
[WhiteElo "2332"]
[BlackElo "1992"]
[PlyCount "53"]
[EventDate "2017.08.10"]
[EventType "swiss"]
[EventRounds "9"]
[EventCountry "ESP"]
[SourceTitle "Ajedrez en Madrid"]
[Source "lmi"]
[SourceDate "2017.08.10"]
[SourceVersion "1"]
[SourceVersionDate "2018.07.27"]
[SourceQuality "1"]

1. e4 c5 2. Nf3 d6 3. d4 cxd4 4. Nxd4 Nf6 5. Nc3 Nc6 6. f3 e5 7. Nb3 Be7 8. Be3
O-O 9. Qd2 Be6 10. Rd1 a5 11. a3 a4 12. Nc1 Na5 13. Nxa4 Bc4 14. Nb6 Bxf1 15.
Rxf1 Ra6 16. b4 Rxb6 17. Bxb6 Qxb6 18. bxa5 Qa7 19. Nb3 Rd8 20. Qf2 Qa6 21. Qb6
Qc4 22. Qxb7 Rd7 23. Qb4 Qxc2 24. Rf2 Qc7 25. Rc1 Qd8 26. Rfc2 d5 27. Qb6 1-0

[Event "Open de Figueres Miquel Mas 2017"]
[Site "Figueres ESP"]
[Date "2017.08.10"]
[Round "1.8"]
[White "Sanchez Arevalo, Luis"]
[Black "Cuadras Avellana, Jordi"]
[Result "0-1"]
[WhiteElo "1990"]
[BlackElo "2282"]
[PlyCount "76"]
[EventDate "2017.08.10"]
[EventType "swiss"]
[EventRounds "9"]
[EventCountry "ESP"]
[SourceTitle "Ajedrez en Madrid"]
[Source "lmi"]
[SourceDate "2017.08.10"]
[SourceVersion "1"]
[SourceVersionDate "2018.07.27"]
[SourceQuality "1"]

1. Nf3 Nf6 2. e3 g6 3. d4 Bg7 4. c4 O-O 5. Be2 c5 6. d5 d6 7. Nc3 a6 8. a4 e6
9. O-O exd5 10. cxd5 Re8 11. Nd2 Nbd7 12. Nc4 Nb6 13. Na3 Ne4 14. Nxe4 Rxe4 15.
a5 Nd7 16. Nc4 Qc7 17. Ra4 Re8 18. Bd2 Rb8 19. Bc3 Nf6 20. Nb6 Nd7 21. Nc4 Ne5
22. Nb6 f5 23. h3 Bd7 24. Nxd7 Nxd7 25. Bxg7 Kxg7 26. g4 fxg4 27. Bxg4 Nf8 28.
Qd3 Qe7 29. Kh1 Qe5 30. b3 Re7 31. Rf4 Rbe8 32. Rg1 Rf7 33. Rxf7+ Kxf7 34. Bf3
Kg7 35. Rc1 Qf6 36. Bg4 Qxf2 37. e4 Qf4 38. Bf3 Qxc1+ 0-1

[Event "Open de Figueres Miquel Mas 2017"]
[Site "Figueres ESP"]
[Date "2017.08.10"]
[Round "1.10"]
[White "Izagirre Alsua, Aritz"]
[Black "Gonzalez Rodriguez, Jorge A."]
[Result "0-1"]
[WhiteElo "1869"]
[BlackElo "2274"]
[PlyCount "96"]
[EventDate "2017.08.10"]
[EventType "swiss"]
[EventRounds "9"]
[EventCountry "ESP"]
[SourceTitle "Ajedrez en Madrid"]
[Source "lmi"]
[SourceDate "2017.08.10"]
[SourceVersion "1"]
[SourceVersionDate "2018.07.27"]
[SourceQuality "1"]

1. e4 e5 2. Nf3 d6 3. h3 f5 4. d3 Nf6 5. Nc3 Be7 6. g3 O-O 7. Bg2 c5 8. O-O Nc6
9. exf5 Bxf5 10. Nh4 Be6 11. Ne4 Nxe4 12. Bxe4 d5 13. Bg2 Bxh4 14. gxh4 Qxh4
15. Kh2 Rxf2 16. Rxf2 Qxf2 17. c3 Rf8 18. Qd2 Qxd2 19. Bxd2 Rf2 20. Rd1 d4 21.
Kg3 Rxg2+ 22. Kxg2 Bxa2 23. c4 Bb3 24. Ra1 Bc2 25. Ra3 e4 26. dxe4 Bxe4+ 27.
Kg3 Kf7 28. Kf4 Bc2 29. Rg3 g6 30. h4 h5 31. Rg5 b6 32. Rg2 Bb3 33. Ke4 Bxc4
34. Rf2+ Ke6 35. Rf8 Bd5+ 36. Kf4 Bb3 37. Rc8 Kd5 38. Rc7 Bc2 39. Rd7+ Kc4 40.
Rc7 Kb5 41. Be1 a5 42. Bg3 Nb4 43. Kf3 Nd3 44. b3 Bxb3 45. Rg7 Bd5+ 46. Ke2 Be4
47. Re7 Bf5 48. Rf7 Nb2 0-1

[Event "Open de Figueres Miquel Mas 2017"]
[Site "Figueres ESP"]
[Date "2017.08.11"]
[Round "2.1"]
[White "Cuadras Avellana, Jordi"]
[Black "Riff, Jean-Noel"]
[Result "0-1"]
[WhiteElo "2282"]
[BlackElo "2499"]
[PlyCount "100"]
[EventDate "2017.08.10"]
[EventType "swiss"]
[EventRounds "9"]
[EventCountry "ESP"]
[SourceTitle "Ajedrez en Madrid"]
[Source "lmi"]
[SourceDate "2017.08.10"]
[SourceVersion "1"]
[SourceVersionDate "2018.07.27"]
[SourceQuality "1"]

1. c4 Nf6 2. Nc3 e5 3. Nf3 Nc6 4. g3 Bb4 5. Nd5 O-O 6. a3 e4 7. Nh4 Bc5 8. Nf5
Ne5 9. Nfe3 c6 10. Nxf6+ Qxf6 11. Bg2 Nxc4 12. O-O Nxe3 13. fxe3 Qe7 14. b4 Bb6
15. Bb2 d5 16. Qb3 Be6 17. Bd4 f5 18. Qc3 h5 19. Bc5 Bxc5 20. bxc5 Rf7 21. Rab1
Raf8 22. Qe5 Bc8 23. Qxe7 Rxe7 24. h4 g6 25. Kf2 Kf7 26. Rfc1 Kf6 27. Rb4 Rg8
28. Ra4 a6 29. Rh1 Reg7 30. Rb4 Ke7 31. d3 g5 32. hxg5 Rxg5 33. Bf1 Kd8 34. Rh4
Kc7 35. Bh3 Rxg3 36. dxe4 f4 37. Rxf4 Rxh3 38. Rf7+ Kb8 39. exd5 Rh2+ 40. Ke1
cxd5 41. c6 b5 42. a4 Rgg2 43. Rb2 Bg4 44. axb5 Rxe2+ 45. Rxe2 Rxe2+ 46. Kf1
axb5 47. Rb7+ Kc8 48. Rxb5 Bf3 49. Rb3 Rc2 50. Rb4 Be4 0-1

[Event "Open de Figueres Miquel Mas 2017"]
[Site "Figueres ESP"]
[Date "2017.08.11"]
[Round "2.2"]
[White "Munoz, Miguel"]
[Black "Hernando Rodrigo, Julio Antoni"]
[Result "1-0"]
[WhiteElo "2497"]
[BlackElo "2276"]
[PlyCount "99"]
[EventDate "2017.08.10"]
[EventType "swiss"]
[EventRounds "9"]
[EventCountry "ESP"]
[SourceTitle "Ajedrez en Madrid"]
[Source "lmi"]
[SourceDate "2017.08.10"]
[SourceVersion "1"]
[SourceVersionDate "2018.07.27"]
[SourceQuality "1"]

1. e4 e6 2. d4 d5 3. Nd2 c5 4. dxc5 Bxc5 5. Bd3 Nc6 6. Ngf3 Nf6 7. Qe2 Qc7 8.
O-O O-O 9. c4 dxe4 10. Nxe4 Nxe4 11. Bxe4 f5 12. Bxc6 Qxc6 13. b3 Qe4 14. Re1
Qxe2 15. Rxe2 a5 16. Be3 b6 17. Bxc5 bxc5 18. Re5 a4 19. Rb1 Bb7 20. Ng5 axb3
21. axb3 h6 22. Nxe6 Rfe8 23. Rbe1 Bc8 24. h4 Bxe6 25. Rxe6 Rxe6 26. Rxe6 Ra1+
27. Kh2 Rb1 28. Re5 g6 29. h5 Rxb3 30. hxg6 Rc3 31. Rxc5 Kg7 32. Rc6 f4 33. f3
h5 34. Kh3 Rc2 35. c5 Kh6 36. g4 Rf2 37. g7+ Kxg7 38. gxh5 Rxf3+ 39. Kg4 Rf1
40. Rd6 Rc1 41. Rd5 Rc4 42. Kf3 Kh6 43. Ke2 Rc3 44. Kd2 Rc4 45. Kd3 Rc1 46. Rf5
f3 47. Kd4 Rf1 48. Ke3 f2 49. Rxf2 Re1+ 50. Kd4 1-0

[Event "Open de Figueres Miquel Mas 2017"]
[Site "Figueres ESP"]
[Date "2017.08.11"]
[Round "2.3"]
[White "Gonzalez Rodriguez, Jorge A."]
[Black "Campos Moreno, Javier B."]
[Result "0-1"]
[WhiteElo "2274"]
[BlackElo "2413"]
[PlyCount "162"]
[EventDate "2017.08.10"]
[EventType "swiss"]
[EventRounds "9"]
[EventCountry "ESP"]
[SourceTitle "Ajedrez en Madrid"]
[Source "lmi"]
[SourceDate "2017.08.10"]
[SourceVersion "1"]
[SourceVersionDate "2018.07.27"]
[SourceQuality "1"]

1. b3 e5 2. Bb2 Nc6 3. e3 g6 4. Bb5 Bg7 5. Bxc6 dxc6 6. Nf3 Qe7 7. d3 Bg4 8.
Nbd2 f5 9. e4 Nf6 10. h3 Bxf3 11. Qxf3 O-O 12. Qe2 fxe4 13. dxe4 Nh5 14. g3 b5
15. Nf3 Qf6 16. Nh2 Qe6 17. Ng4 Nf6 18. O-O Ne8 19. Kg2 Nd6 20. f3 c5 21. Ne3
c6 22. a4 a6 23. axb5 axb5 24. Rfd1 Rfd8 25. Rxa8 Rxa8 26. Ra1 Rxa1 27. Bxa1
Qc8 28. Qd3 Nf7 29. c4 Qa6 30. Bc3 Qa2+ 31. Qc2 Qa8 32. Be1 Qa3 33. Bc3 h5 34.
Qb2 Qa8 35. Qa1 Qd8 36. Qd1 Qa8 37. Kf2 Bh6 38. Qc2 Qc8 39. h4 Bxe3+ 40. Kxe3
Qh3 41. Qf2 Qe6 42. Qa2 Qh3 43. Be1 Qd7 44. Qd2 Qd4+ 45. Qxd4 exd4+ 46. Kf4
bxc4 47. bxc4 Nd6 48. e5 Nxc4 49. Ke4 Kf7 50. g4 hxg4 51. fxg4 d3 52. Kxd3
Nxe5+ 53. Kc3 Nxg4 54. Bg3 Ne3 55. Kd3 Nf5 56. Bf2 Nd4 57. Ke4 Ke6 58. Be3 Nf5
59. Bg5 Nd6+ 60. Kf4 Kd5 61. Bf6 Ne4 62. Bg7 c4 63. Ke3 c5 64. Bh8 Nd6 65. Kd2
Kc6 66. Bg7 Kb5 67. Kc2 Nf5 68. Bf6 Ne3+ 69. Kb2 Nd5 70. Bg5 Kb4 71. Kc2 c3 72.
Kd3 Kb3 73. Ke4 Kc4 74. Ke5 c2 75. Bc1 Nb4 76. Kf6 Nd3 77. Bd2 c1=Q 78. Bxc1
Nxc1 79. Kxg6 Ne2 80. Kg5 Kd5 81. h5 Ke5 0-1

[Event "Open de Figueres Miquel Mas 2017"]
[Site "Figueres ESP"]
[Date "2017.08.11"]
[Round "2.4"]
[White "Mellado Trivino, Juan"]
[Black "Touzane, Olivier"]
[Result "0-1"]
[WhiteElo "2392"]
[BlackElo "2264"]
[PlyCount "70"]
[EventDate "2017.08.10"]
[EventType "swiss"]
[EventRounds "9"]
[EventCountry "ESP"]
[SourceTitle "Ajedrez en Madrid"]
[Source "lmi"]
[SourceDate "2017.08.10"]
[SourceVersion "1"]
[SourceVersionDate "2018.07.27"]
[SourceQuality "1"]

1. e4 e6 2. d4 d5 3. Bd3 c5 4. exd5 Qxd5 5. Nc3 Qxd4 6. Nb5 Qd8 7. Bf4 Na6 8.
Qe2 Qa5+ 9. c3 Nf6 10. Nf3 Bd7 11. Ne5 Be7 12. Nc4 Qxb5 13. Nd6+ Bxd6 14. Bxb5
Bxf4 15. Bxa6 bxa6 16. Qf3 Nd5 17. c4 Bc7 18. cxd5 Ba5+ 19. Kf1 O-O 20. d6 Rab8
21. b3 Rfc8 22. h4 c4 23. h5 c3 24. h6 c2 25. Qe3 Rb5 26. Kg1 Rd5 27. Kh2 Rc3
28. Qe2 Rcc5 29. Rhc1 Bd2 30. Qxa6 gxh6 31. Qxa7 Bc6 32. Kg1 Bxc1 33. Rxc1 Rd1+
34. Kh2 Rh5+ 35. Kg3 Rxc1 0-1

[Event "Open de Figueres Miquel Mas 2017"]
[Site "Figueres ESP"]
[Date "2017.08.11"]
[Round "2.5"]
[White "Serra Pages, Jordi"]
[Black "Alonso Bouza, Julio Javier"]
[Result "1/2-1/2"]
[WhiteElo "2232"]
[BlackElo "2377"]
[PlyCount "133"]
[EventDate "2017.08.10"]
[EventType "swiss"]
[EventRounds "9"]
[EventCountry "ESP"]
[SourceTitle "Ajedrez en Madrid"]
[Source "lmi"]
[SourceDate "2017.08.10"]
[SourceVersion "1"]
[SourceVersionDate "2018.07.27"]
[SourceQuality "1"]

1. Nf3 Nf6 2. c4 g6 3. Nc3 Bg7 4. d4 O-O 5. e4 d6 6. h3 e5 7. dxe5 dxe5 8. Qxd8
Rxd8 9. Nd5 Na6 10. Bg5 Rd6 11. Nxf6+ Bxf6 12. Bxf6 Rxf6 13. Nxe5 Re6 14. Ng4
Rxe4+ 15. Ne3 Nb4 16. Be2 Be6 17. a3 Rxe3 18. fxe3 Nc2+ 19. Kd2 Nxa1 20. Rxa1
Kg7 21. Rf1 Re8 22. Rf4 g5 23. Rf1 f6 24. Rc1 Bf7 25. Bd3 Rd8 26. Ke2 Bh5+ 27.
g4 Bf7 28. Be4 h5 29. b3 c6 30. Rd1 Rxd1 31. Kxd1 hxg4 32. hxg4 Be6 33. Bf3 f5
34. gxf5 Bxf5 35. Bg2 Kf6 36. Ke2 Ke5 37. b4 Be4 38. Bf1 Kf5 39. Kf2 Kg4 40. c5
Kh4 41. a4 g4 42. Bc4 g3+ 43. Kg1 Kg4 44. Be2+ Bf3 45. Bf1 Bd1 46. a5 Kf3 47.
a6 bxa6 48. Bg2+ Kxe3 49. Bxc6 Kd4 50. Bb7 a5 51. bxa5 Kxc5 52. Kg2 Be2 53.
Kxg3 Kb4 54. Kf2 Bc4 55. a6 Ka5 56. Ke3 Bxa6 57. Bxa6 Kxa6 58. Kd4 Kb5 59. Kc3
Ka4 60. Kb2 a5 61. Ka2 Kb4 62. Kb2 a4 63. Ka2 a3 64. Kb1 Kb3 65. Ka1 Kc2 66.
Ka2 Kc3 67. Kxa3 1/2-1/2

[Event "Open de Figueres Miquel Mas 2017"]
[Site "Figueres ESP"]
[Date "2017.08.11"]
[Round "2.6"]
[White "Vidal Zamora, Alex"]
[Black "Pinsach Gelabert, Alexandre"]
[Result "1/2-1/2"]
[WhiteElo "2365"]
[BlackElo "2105"]
[PlyCount "89"]
[EventDate "2017.08.10"]
[EventType "swiss"]
[EventRounds "9"]
[EventCountry "ESP"]
[SourceTitle "Ajedrez en Madrid"]
[Source "lmi"]
[SourceDate "2017.08.10"]
[SourceVersion "1"]
[SourceVersionDate "2018.07.27"]
[SourceQuality "1"]

1. c4 e6 2. d4 d5 3. Nf3 Nf6 4. Nc3 Bb4 5. Qa4+ Nc6 6. e3 O-O 7. Be2 Bd7 8. Qc2
Ne7 9. a3 Bxc3+ 10. bxc3 Bc6 11. Ne5 b6 12. Nxc6 Nxc6 13. cxd5 exd5 14. O-O Na5
15. f3 c5 16. e4 cxd4 17. e5 dxc3 18. Bg5 h6 19. Bh4 g5 20. Qf5 Nc6 21. Rad1
Nxe5 22. Bxg5 hxg5 23. Qxe5 Nh7 24. Qxc3 Qf6 25. Qd2 Rad8 26. f4 Rfe8 27. Bd3
g4 28. f5 Qd4+ 29. Kh1 Qe3 30. Qb4 Nf6 31. Bb5 Re4 32. Qb2 d4 33. Rd3 Qf4 34.
Kg1 Qe5 35. a4 Nd5 36. Qf2 Rf4 37. Re1 Qxf5 38. Qh4 Rc8 39. Rdd1 Ne3 40. Bd7
Qxd7 41. Qg5+ Kh7 42. Qh5+ Kg7 43. Qg5+ Kh7 44. Qh5+ Kg7 45. Qg5+ 1/2-1/2

[Event "Open de Figueres Miquel Mas 2017"]
[Site "Figueres ESP"]
[Date "2017.08.11"]
[Round "2.7"]
[White "Martorell Aubanell, Adria"]
[Black "Renteria, Jorge"]
[Result "1/2-1/2"]
[WhiteElo "2191"]
[BlackElo "2332"]
[PlyCount "84"]
[EventDate "2017.08.10"]
[EventType "swiss"]
[EventRounds "9"]
[EventCountry "ESP"]
[SourceTitle "Ajedrez en Madrid"]
[Source "lmi"]
[SourceDate "2017.08.10"]
[SourceVersion "1"]
[SourceVersionDate "2018.07.27"]
[SourceQuality "1"]

1. e4 c5 2. Nf3 d6 3. d4 cxd4 4. Nxd4 Nf6 5. Nc3 a6 6. Bg5 Nc6 7. Qd2 e6 8.
O-O-O h6 9. Bh4 Nxe4 10. Bxd8 Nxd2 11. Nxc6 bxc6 12. Bc7 Nxf1 13. Bxd6 Bxd6 14.
Rxd6 Nxh2 15. Rxh2 Bd7 16. Na4 Ke7 17. Rd3 Rhb8 18. Rg3 Kf8 19. c4 Be8 20. Rh4
Rb4 21. b3 Rbb8 22. Kc2 a5 23. Kc3 Rd8 24. Nb6 Rab8 25. c5 Rd1 26. Kc2 Rbd8 27.
Ra4 R1d2+ 28. Kc3 Rxf2 29. Rxa5 Rdd2 30. a4 f5 31. Ra8 g5 32. a5 Ke7 33. a6
Rc2+ 34. Kb4 Rf4+ 35. Nc4 Ra2 36. Kc3 Rf1 37. b4 Rfa1 38. Na5 Ra3+ 39. Kb2
R1a2+ 40. Kb1 Ra1+ 41. Kb2 R1a2+ 42. Kb1 Ra1+ 1/2-1/2

[Event "Open de Figueres Miquel Mas 2017"]
[Site "Figueres ESP"]
[Date "2017.08.11"]
[Round "2.8"]
[White "Salleras Mercader, Josep M."]
[Black "Guix Torres, David"]
[Result "0-1"]
[WhiteElo "1746"]
[BlackElo "2040"]
[PlyCount "104"]
[EventDate "2017.08.10"]
[EventType "swiss"]
[EventRounds "9"]
[EventCountry "ESP"]
[SourceTitle "Ajedrez en Madrid"]
[Source "lmi"]
[SourceDate "2017.08.10"]
[SourceVersion "1"]
[SourceVersionDate "2018.07.27"]
[SourceQuality "1"]

1. e4 c5 2. Nf3 Nc6 3. d4 cxd4 4. Nxd4 g6 5. Nc3 Bg7 6. Be3 Nf6 7. f3 O-O 8.
Bc4 Qb6 9. Qd2 Nxe4 10. Nxe4 Bxd4 11. Bxd4 Qxd4 12. Qxd4 Nxd4 13. O-O-O Nc6 14.
h4 h6 15. h5 g5 16. f4 gxf4 17. Rh4 d6 18. Rxf4 Ne5 19. Bd5 Bg4 20. Rdf1 Rac8
21. Kb1 b5 22. Ng3 Be6 23. Bb3 a5 24. c3 a4 25. Bc2 a3 26. Nf5 Bxf5 27. Bxf5
Rc4 28. R4f2 axb2 29. Kxb2 b4 30. cxb4 Rxb4+ 31. Ka1 Rfb8 32. g3 Kg7 33. Rc2
R8b7 34. Bc8 Ra7 35. Bh3 Nc4 36. Rfc1 d5 37. Rc3 Ra3 38. R3c2 Rxg3 39. Bc8 e5
40. Ba6 e4 41. Bxc4 Rxc4 42. Rxc4 dxc4 43. Rxc4 e3 44. Re4 f5 45. Re5 Kf6 46.
Re8 Kf7 47. Re5 Kf6 48. Re8 f4 49. a4 Rg5 50. Rf8+ Ke6 51. Rxf4 e2 52. Re4+ Re5
0-1

[Event "Open de Figueres Miquel Mas 2017"]
[Site "Figueres ESP"]
[Date "2017.08.11"]
[Round "2.9"]
[White "Falgueras Marti, Carles"]
[Black "Sole Pijuan, Ferran"]
[Result "0-1"]
[WhiteElo "1910"]
[BlackElo "2216"]
[PlyCount "69"]
[EventDate "2017.08.10"]
[EventType "swiss"]
[EventRounds "9"]
[EventCountry "ESP"]
[SourceTitle "Ajedrez en Madrid"]
[Source "lmi"]
[SourceDate "2017.08.10"]
[SourceVersion "1"]
[SourceVersionDate "2018.07.27"]
[SourceQuality "1"]

1. e4 e5 2. Nf3 Nc6 3. Bb5 a6 4. Ba4 Nf6 5. O-O Be7 6. Re1 b5 7. Bb3 d6 8. c3
O-O 9. h3 Nd7 10. d4 Bf6 11. Bd5 Bb7 12. a4 Qb8 13. a5 Ne7 14. Bb3 c5 15. d5 c4
16. Bc2 Qc7 17. Nbd2 g6 18. Nf1 Bg7 19. Be3 f5 20. Ng5 Qc8 21. Ne6 Rf7 22. Ng5
Rf6 23. Ne6 f4 24. Bc1 Bh8 25. g3 Nf8 26. gxf4 Nxe6 27. fxe5 dxe5 28. dxe6 Qxe6
29. Qg4 Qf7 30. Be3 Rf8 31. Re2 Bc8 32. Qg3 Rf3 33. Qg5 Rxh3 34. Bc5 Qf3 35.
Qxe7 0-1

[Event "Open de Figueres Miquel Mas 2017"]
[Site "Figueres ESP"]
[Date "2017.08.11"]
[Round "2.10"]
[White "Serra Canals, Oriol"]
[Black "Sanchez Arevalo, Luis"]
[Result "1-0"]
[WhiteElo "2105"]
[BlackElo "1990"]
[PlyCount "101"]
[EventDate "2017.08.10"]
[EventType "swiss"]
[EventRounds "9"]
[EventCountry "ESP"]
[SourceTitle "Ajedrez en Madrid"]
[Source "lmi"]
[SourceDate "2017.08.10"]
[SourceVersion "1"]
[SourceVersionDate "2018.07.27"]
[SourceQuality "1"]

1. d4 d5 2. c4 c6 3. e3 Nf6 4. Nc3 e6 5. Nf3 Nbd7 6. Qc2 Be7 7. b3 b6 8. Be2
Bb7 9. O-O O-O 10. Bb2 Rc8 11. e4 e5 12. exd5 exd4 13. dxc6 dxc3 14. cxb7 cxb2
15. bxc8=Q bxa1=Q 16. Qxd8 Qxf1+ 17. Bxf1 Rxd8 18. g3 Bc5 19. Bh3 Re8 20. b4
Bf8 21. Bxd7 Nxd7 22. Qa4 Re7 23. a3 Nf6 24. Kg2 g6 25. Nd4 Rc7 26. Nb5 Rxc4
27. Qxa7 Rc6 28. Qb7 Re6 29. Nd4 Rd6 30. Nc6 Nd7 31. a4 Rd2 32. Kf3 Kg7 33. Ke3
Rd6 34. f4 h5 35. a5 bxa5 36. bxa5 Re6+ 37. Kf3 Nc5 38. Qb5 Nb3 39. Qxb3 Rxc6
40. Qb5 Rc2 41. Qb3 Rc6 42. Qd5 Rc3+ 43. Ke2 Rc5 44. Qd4+ Kg8 45. a6 Rc2+ 46.
Kd3 Ra2 47. a7 Ra3+ 48. Kc4 Ra4+ 49. Kd5 Ra5+ 50. Kc6 Ra6+ 51. Kb7 1-0